| Tag |
First Indicator |
Second Indicator |
Subfields |
| LEADER |
00000cam a2200000 a 4500 |
| 001 |
in00000013603 |
| 005 |
20151007052520.0 |
| 008 |
860528s1987 ilua b 00110 eng |
| 010 |
|
|
|a 86091440
|
| 020 |
|
|
|a 0917253590 :
|c $27.50
|
| 035 |
|
|
|a (OCoLC)13760187
|
| 035 |
|
|
|9 AAA8094AM
|
| 040 |
|
|
|a DLC
|c DLC
|d m/c
|d TXA
|d UtOrBLW
|
| 049 |
|
|
|a TXAM
|c [A11056493]
|
| 050 |
0 |
0 |
|a HF5415.127
|b .W45 1987
|
| 082 |
0 |
|
|a 658.8/02
|2 19
|
| 100 |
1 |
|
|a Weinstein, Art.
|
| 245 |
1 |
0 |
|a Market segmentation :
|b using demographics, psychographics, and other segmentation techniques to uncover and exploit new markets /
|c Art Weinstein.
|
| 264 |
|
1 |
|a Chicago, Ill. :
|b Probus Pub. Co.,
|c [1987]
|
| 264 |
|
4 |
|c ©1987
|
| 300 |
|
|
|a xii, 296 pages :
|b illustrations ;
|c 24 cm.
|
| 336 |
|
|
|a text
|b txt
|2 rdacontent
|
| 337 |
|
|
|a unmediated
|b n
|2 rdamedia
|
| 338 |
|
|
|a volume
|b nc
|2 rdacarrier
|
| 504 |
|
|
|a Bibliography: pages 286-288.
|
| 500 |
|
|
|a Includes index.
|
| 650 |
|
0 |
|a Market segmentation.
|
| 999 |
|
|
|a MARS
|
| 999 |
f |
f |
|s 74f624b6-068b-3c0f-9b82-e65fbdcf74e0
|i 5ecfeb85-72b1-382d-bd6e-76120837ca71
|t 0
|
| 952 |
f |
f |
|p ric
|a Texas A&M University
|b Rellis Campus
|c Joint Library Facility
|d Remote Storage
|t 0
|e HF5415.127 .W45 1987
|h Library of Congress classification
|i unmediated -- volume
|m A14811056493
|
| 998 |
f |
f |
|a HF5415.127 .W45 1987
|t 0
|l Remote Storage
|